[Event "FRA-ch U12 Girls"]
[Site "Saint Paul Trois Chateaux"]
[Date "2013.04.28"]
[Round "1"]
[White "Conti, Anne Marie"]
[Black "Dos Santos, Alyssa"]
[Result "1/2-1/2"]
[WhiteElo "1311"]
[BlackElo "1526"]
[PlyCount "70"]
[EventDate "2013.04.28"]
[EventType "swiss"]
[EventRounds "9"]
[EventCountry "FRA"]
[SourceTitle "CBM 154 Extra"]
[Source "ChessBase"]
[SourceDate "2013.06.25"]
[SourceVersion "2"]
[SourceVersionDate "2013.06.25"]
[SourceQuality "1"]

1. d4 d5 2. c4 e6 3. Nc3 Nf6 4. e3 Nc6 5. a3 Bd6 6. cxd5 exd5 7. Be2 Bf5 8. Nf3 0-0 9. 0-0 Re8 10. Qb3 Rb8 11. Qa4 a6 12. Nh4 Bd7 13. Qc2 Ne4 14. Nf3 Nxc3 15. Qxc3 Qf6 16. Re1 Qg6 17. Bd3 Qf6 18. Qc2 g6 19. b4 Bg4 20. Be2 Bxf3 21. Bxf3 Nxd4 22. Qb2 Nxf3+ 23. gxf3 Qxf3 24. Qe2 Qh3 25. f3 d4 26. Ra2 Re7 27. Qc4 dxe3 28. Rxe3 Rxe3 29. Bxe3 Qxf3 30. Rf2 Qxe3 31. Qxf7+ Kh8 32. Qf6+ Kg8 33. Qf7+ Kh8 34. Qf6+ Kg8 35. Qf7+ Kh8 1/2-1/2